Súťažná a regulačná politika v SR po vstupe do EÚ diplomová práca

Na minha lista:
Detalhes bibliográficos
Autor principal: Fašung, Marek
Autor Corporativo: Národohospodárska fakulta EU. Katedra hospodárskej politiky
Outros Autores: Tokárová, Mária
Formato: Livro
Idioma:eslovaco
Publicado em: Bratislava 2008
Tags: Adicionar Tag
Sem tags, seja o primeiro a adicionar uma tag!

MARC

LEADER 00000nam$a2200000$$$4500
001 0077734
005 20240201120435.4
041 0 |a slo 
044 |a SK 
245 1 0 |a Súťažná a regulačná politika v SR po vstupe do EÚ  |b diplomová práca  |c Marek Fašung ; škol. Mária Tokárová 
264 1 |a Bratislava  |c 2008 
300 |a 71 s. 
100 1 |a Fašung, Marek 
700 1 |a Tokárová, Mária 
710 2 |a Národohospodárska fakulta EU. Katedra hospodárskej politiky